000 00311nam a2200133Ia 4500
008 190216s9999||||xx |||||||||||||| ||und||
100 _aNarayanan C
245 0 _aEconomic History Of India
250 _a1st Ed.
260 _bKerala Bhasha Institute
_c1974
300 _a620
650 _aEconomics
942 _cBK
999 _c9575
_d9575